| 000 | 01223nam0a2200265 4500 | ||
|---|---|---|---|
| 001 | RU\NLR\ONL1\12231 | ||
| 005 | 20250613121249.0 | ||
| 035 | _a(NLR Aleph) 009640976 | ||
| 090 |
_a9545819 _c9545819 |
||
| 100 | _a20070912d1989 |||y0rusy50 ca | ||
| 101 | 0 | _audm | |
| 102 | _aRU | ||
| 105 | _ay ||||||||| | ||
| 200 | 1 |
_aСоветской Социалистической Республикаослэн Союзылэн Конституциез (Основной Законэз) _eвоштонъёсын но ватсанъёсын, кудъёсыз пыртэмын СССР Законэныз 1988 ар. 1 дек. СССР Верхов. Советлэн дас одигети созывезлэн дас кыкети внеочеред. сессияз |
|
| 210 |
_aИжевск _cУдмуртия _d1989 |
||
| 215 |
_a60 с. _d20 |
||
| 541 | 1 |
_aКонституция Союза Советских Социалистических Республик (Основной Закон) _zrus |
|
| 601 | 0 | 2 |
_91738447 _3RU\NLR\auth\661073730 |
| 686 | 1 | _aХ620.113 | |
| 801 | 0 |
_aRU _bNLR _c20070912 _gPSBO |
|
| 852 |
_aNLR _bОНЛ _jУдмур./2-1529 |
||
| 942 | _cBOOK | ||
| 980 | _aNB | ||